[Event "XXVI Miedzynarodowy Turniej im. Tadeusza"]
[Site "Police"]
[Date "2011.??.??"]
[Round "4.17"]
[White "Jacek, Roksana"]
[Black "Maniocha, Andrzej"]
[Result "1-0"]
[WhiteElo "1807"]
[BlackElo "2191"]
[PlyCount "113"]
[EventDate "2011.??.??"]

1. e4 g6 2. d4 Bg7 3. c3 c6 4. Nf3 d5 5. e5 Bg4 6. h3 Bxf3 7. Qxf3 c5 8. Bb5+
Nc6 9. O-O Qb6 10. Bxc6+ bxc6 11. dxc5 Qxc5 12. Re1 e6 13. Nd2 Qb6 14. Nb3 Ne7
15. Bg5 Rc8 16. Rad1 h5 17. Be3 Qb8 18. Bd4 h4 19. Nc5 Rh5 20. Qd3 Qb5 21. Qxb5
cxb5 22. Nb7 Nf5 23. a3 Bf8 24. Rc1 Rc7 25. Na5 Bh6 26. Rcd1 Ne7 27. Nb3 Nc6
28. Bc5 Bf4 29. Bd6 Rc8 30. Nd4 Nxd4 31. Rxd4 Rc4 32. Re2 Kd7 33. b3 Rxd4 34.
cxd4 f6 35. Kf1 Rh8 36. Rc2 Rc8 37. Rxc8 Kxc8 38. Ke2 fxe5 39. dxe5 Kd7 40. Kd3
Kc6 41. Kd4 Bg5 42. Kd3 a6 43. Bf8 Bd8 44. Bd6 Bb6 45. f3 Bc5 46. Bxc5 Kxc5 47.
b4+ Kc6 48. f4 Kd7 49. Ke3 Ke7 50. Kf3 Kf7 51. Kg4 d4 52. Kf3 g5 53. Ke4 gxf4
54. Kxd4 Kg6 55. Kc5 Kg5 56. Kc6 Kg6 57. Kd7 1-0

[Event "XXVI Miedzynarodowy Turniej im. Tadeusza"]
[Site "Police"]
[Date "2011.??.??"]
[Round "5.1"]
[White "Starostits, Ilmars"]
[Black "Vysochin, Spartak"]
[Result "1/2-1/2"]
[WhiteElo "2500"]
[BlackElo "2552"]
[PlyCount "21"]
[EventDate "2011.??.??"]

1. e4 e6 2. d4 d5 3. Nc3 dxe4 4. Nxe4 Nd7 5. Nf3 Ngf6 6. Bg5 h6 7. Bxf6 Nxf6 8.
Nxf6+ Qxf6 9. Bb5+ c6 10. Bd3 Bd7 11. O-O 1/2-1/2

[Event "XXVI Miedzynarodowy Turniej im. Tadeusza"]
[Site "Police"]
[Date "2011.??.??"]
[Round "5.2"]
[White "Olszewski, Michal"]
[Black "Kantans, Toms"]
[Result "1-0"]
[WhiteElo "2541"]
[BlackElo "2345"]
[PlyCount "79"]
[EventDate "2011.??.??"]

1. d4 Nf6 2. c4 e6 3. Nf3 b6 4. g3 Bb7 5. Bg2 Be7 6. O-O O-O 7. Re1 d6 8. d5
exd5 9. Nh4 c6 10. cxd5 Nxd5 11. Nf5 Re8 12. e4 Nf6 13. Bf4 Bf8 14. Nxd6 Bxd6
15. Bxd6 Na6 16. e5 Nd5 17. Nd2 Nac7 18. Ne4 f6 19. f4 Ne6 20. Rc1 f5 21. Nd2
b5 22. Nb3 Qb6+ 23. Kh1 Rad8 24. Qd2 b4 25. Nc5 Nxc5 26. Rxc5 Nc3 27. bxc3 Qxc5
28. cxb4 Qb5 29. Rc1 Qa4 30. Rc5 Qa6 31. h3 Bc8 32. Rxc6 Qa4 33. Rc5 Qa6 34.
Bd5+ Be6 35. b5 Qa4 36. Bxe6+ Rxe6 37. Qd5 Kh8 38. Rc4 Qa5 39. Rc2 h5 40. Qxe6
1-0

[Event "XXVI Miedzynarodowy Turniej im. Tadeusza"]
[Site "Police"]
[Date "2011.??.??"]
[Round "5.4"]
[White "Grabarczyk, Miroslaw"]
[Black "Urban, Klaudiusz"]
[Result "1/2-1/2"]
[WhiteElo "2459"]
[BlackElo "2456"]
[PlyCount "33"]
[EventDate "2011.??.??"]

1. d4 Nf6 2. c4 g6 3. Nf3 Bg7 4. g3 d5 5. cxd5 Nxd5 6. Bg2 Nb6 7. Nc3 Nc6 8. e3
e5 9. O-O exd4 10. Nxd4 Nxd4 11. exd4 O-O 12. d5 Nc4 13. Qb3 Nd6 14. Be3 Bf5
15. Nb5 a6 16. Nxd6 cxd6 17. Rfd1 1/2-1/2

[Event "XXVI Miedzynarodowy Turniej im. Tadeusza"]
[Site "Police"]
[Date "2011.??.??"]
[Round "5.5"]
[White "Aliavdin, Nikolai"]
[Black "Shishkin, Vadim"]
[Result "1/2-1/2"]
[WhiteElo "2392"]
[BlackElo "2457"]
[PlyCount "111"]
[EventDate "2011.??.??"]

1. e4 c5 2. Nf3 d6 3. d4 cxd4 4. Nxd4 Nf6 5. Nc3 e6 6. g4 h6 7. h4 Nc6 8. Rg1
h5 9. gxh5 Nxh5 10. Bg5 Nf6 11. Qd2 a6 12. O-O-O Bd7 13. f4 Qb6 14. Nf3 Nh7 15.
f5 Nxg5 16. hxg5 O-O-O 17. g6 Ne5 18. Nd4 d5 19. exd5 exf5 20. gxf7 Nxf7 21.
Bc4 Bc5 22. Nce2 Ne5 23. Bb3 Ng4 24. c3 Rhe8 25. Nf4 g6 26. Rge1 Bxd4 27. cxd4
Qd6 28. Kb1 Kb8 29. Ne6 Rc8 30. Nc5 Nf6 31. Qb4 Rc7 32. Bc4 Ka7 33. Qa5 Ne4 34.
Nxe4 Rxe4 35. Rxe4 fxe4 36. Bb3 Bb5 37. a3 Bd3+ 38. Ka2 g5 39. Rg1 Rg7 40. Qc5+
Qb6 41. d6 Rd7 42. Rxg5 Rxd6 43. Rg7 Rxd4 44. Qe5 Qd6 45. Qe8 Bb5 46. Qf7 Qc6
47. Qf2 Qb6 48. Rg8 Rd6 49. Qf8 Qd4 50. Qb8+ Kb6 51. Rc8 Rd7 52. Rh8 e3 53.
Rh6+ Bc6 54. Re6 Rg7 55. Qh8 Rd7 56. Qxd4+ 1/2-1/2

[Event "XXVI Miedzynarodowy Turniej im. Tadeusza"]
[Site "Police"]
[Date "2011.??.??"]
[Round "5.6"]
[White "Maruszczak, Joanna"]
[Black "Malisauskas, Vidmantas"]
[Result "0-1"]
[WhiteElo "1735"]
[BlackElo "2477"]
[PlyCount "94"]
[EventDate "2011.??.??"]

1. e4 c5 2. Nf3 e6 3. d4 cxd4 4. Nxd4 a6 5. Bd3 Bc5 6. Nb3 Be7 7. Qg4 Bf6 8.
O-O Nc6 9. Nc3 d6 10. Be3 e5 11. Qe2 Nge7 12. Rad1 Be6 13. Bc4 Qc7 14. Nd5 Bxd5
15. Bxd5 O-O 16. c3 Rad8 17. Rd2 Nxd5 18. Rxd5 Ne7 19. Rd2 d5 20. Bc5 dxe4 21.
Rxd8 Rxd8 22. Qxe4 Nc8 23. Qe2 g6 24. Rd1 Kg7 25. Rxd8 Qxd8 26. f3 Qd5 27. Qd2
Qe6 28. Be3 h5 29. Bg5 Bxg5 30. Qxg5 Qb6+ 31. Kf1 Qb5+ 32. Kf2 Nd6 33. Qe3 Nc4
34. Qc5 Nxb2 35. Qxb5 axb5 36. Nc5 Nd1+ 37. Ke1 Nxc3 38. Nxb7 Nxa2 39. Kd2 b4
40. Nc5 Kf6 41. Ne4+ Ke6 42. Kc2 Nc3 43. Nxc3 bxc3 44. Kxc3 Kd5 45. Kd3 f5 46.
Ke3 g5 47. g3 g4 0-1

[Event "XXVI Miedzynarodowy Turniej im. Tadeusza"]
[Site "Police"]
[Date "2011.??.??"]
[Round "5.7"]
[White "Hnydiuk, Aleksander"]
[Black "Figura, Atila Gajo"]
[Result "1-0"]
[WhiteElo "2432"]
[BlackElo "2358"]
[PlyCount "119"]
[EventDate "2011.??.??"]

1. e4 c5 2. Nf3 d6 3. d4 cxd4 4. Nxd4 Nf6 5. Nc3 a6 6. Be3 e5 7. Nb3 Be7 8. h3
Be6 9. Qf3 O-O 10. O-O-O b5 11. g4 b4 12. Nd5 Bxd5 13. exd5 a5 14. Kb1 a4 15.
Nd2 b3 16. cxb3 axb3 17. a3 Qc8 18. Rc1 Qb7 19. g5 Nfd7 20. Ne4 Kh8 21. Bd3
Qxd5 22. Rhd1 Qb7 23. Bc4 Ra5 24. Bd2 Ra4 25. Bb4 f5 26. gxf6 Nxf6 27. Ng5 Qxf3
28. Nxf3 Ra7 29. Bxd6 Bxd6 30. Rxd6 Ne4 31. Rd5 Nd7 32. Bxb3 Nxf2 33. Nxe5 Nxe5
34. Rxe5 Nxh3 35. Rc3 Nf4 36. Bc2 g6 37. b4 h5 38. b5 h4 39. b6 Rb7 40. Rb3 Rf6
41. Reb5 Re6 42. R3b4 Ne2 43. Kb2 h3 44. Be4 Rb8 45. b7 h2 46. Bd5 Re5 47. Bh1
Rxb5 48. Rxb5 Ng3 49. Rc5 Kg7 50. Rc8 Nxh1 51. Rxb8 Ng3 52. Rc8 h1=Q 53. b8=Q
Qg2+ 54. Rc2 Qg1 55. Qe5+ Kh6 56. Qf4+ Kh5 57. Qf2 Qxf2 58. Rxf2 g5 59. a4 Ne4
60. Rh2+ 1-0

[Event "XXVI Miedzynarodowy Turniej im. Tadeusza"]
[Site "Police"]
[Date "2011.??.??"]
[Round "5.8"]
[White "Chlost, Marlena"]
[Black "Chojnacki, Krzysztof"]
[Result "1-0"]
[WhiteElo "2198"]
[BlackElo "2437"]
[PlyCount "151"]
[EventDate "2011.??.??"]

1. e4 e5 2. Nf3 Nc6 3. Bb5 a6 4. Ba4 Nf6 5. O-O Be7 6. Re1 b5 7. Bb3 d6 8. c3
O-O 9. h3 Nb8 10. d4 Nbd7 11. Nbd2 Bb7 12. Bc2 Re8 13. Nf1 Bf8 14. Ng3 g6 15.
b3 Bg7 16. Bg5 Qe7 17. Qd2 Qf8 18. a4 c6 19. Qd3 Rac8 20. axb5 cxb5 21. Bc1
exd4 22. cxd4 d5 23. e5 Ne4 24. Nxe4 dxe4 25. Rxe4 Bxe4 26. Qxe4 Nf6 27. Qe2
Nd5 28. Bb2 Re6 29. Ng5 Re7 30. Be4 Nc3 31. Bxc3 Rxc3 32. Rxa6 Bh6 33. Nf3 Kg7
34. Qxb5 Rec7 35. Ra8 Qe7 36. g3 Qe6 37. Kg2 Rxb3 38. Qa5 Qc4 39. Bd5 Rb5 40.
Bxc4 Rxa5 41. Rxa5 Rxc4 42. d5 Rc2 43. Ra3 Kf8 44. d6 Ke8 45. Ra8+ Kd7 46. Ra7+
Ke8 47. Nd4 Rc4 48. Nf3 Rc2 49. Re7+ Kf8 50. e6 fxe6 51. Rxe6 Rc8 52. h4 Rd8
53. h5 Bg7 54. hxg6 hxg6 55. Ng5 Bh6 56. Rxg6 Bxg5 57. Rxg5 Rxd6 58. f4 Kf7 59.
Kf3 Kf6 60. Kg4 Rd3 61. Rh5 Kg6 62. Ra5 Rb3 63. Ra6+ Kf7 64. Kh4 Rf3 65. Kg4
Rb3 66. f5 Kg7 67. Kf4 Kf7 68. g4 Kg7 69. Ra7+ Kg8 70. Kg5 Rb6 71. f6 Rb4 72.
Kf5 Kf8 73. g5 Rb8 74. Kg6 Kg8 75. Rg7+ Kh8 76. Rh7+ 1-0

[Event "XXVI Miedzynarodowy Turniej im. Tadeusza"]
[Site "Police"]
[Date "2011.??.??"]
[Round "5.9"]
[White "Poetsch, Hagen"]
[Black "Tokarczyk, Tomasz"]
[Result "1/2-1/2"]
[WhiteElo "2403"]
[BlackElo "2199"]
[PlyCount "73"]
[EventDate "2011.??.??"]

1. e4 c6 2. Nc3 d5 3. Nf3 Bg4 4. h3 Bxf3 5. Qxf3 Nf6 6. d3 e6 7. a3 Nbd7 8. g3
g6 9. Bg2 Bg7 10. Qe2 O-O 11. O-O Qc7 12. f4 d4 13. Nb1 e5 14. f5 c5 15. g4
Rfc8 16. b3 b5 17. a4 c4 18. axb5 cxb3 19. cxb3 Qxc1 20. Rxc1 Rxc1+ 21. Bf1
Rac8 22. g5 Nh5 23. Qg4 Nb6 24. fxg6 hxg6 25. Rxa7 Rxb1 26. Rb7 Rcc1 27. Qf3
Nf4 28. Rxb6 Rxb3 29. Rc6 Rxd3 30. Qxf4 exf4 31. Rxc1 Rb3 32. Rc7 d3 33. Rd7
Rxb5 34. h4 Rb4 35. Bxd3 Rd4 36. Rxd4 Bxd4+ 37. Kg2 1/2-1/2

[Event "XXVI Miedzynarodowy Turniej im. Tadeusza"]
[Site "Police"]
[Date "2011.??.??"]
[Round "5.10"]
[White "Kula, Robert"]
[Black "Jacek, Roksana"]
[Result "1-0"]
[WhiteElo "2351"]
[BlackElo "1807"]
[PlyCount "93"]
[EventDate "2011.??.??"]

1. d4 Nf6 2. f3 c5 3. c3 e6 4. e3 Nc6 5. Bd3 d5 6. Nd2 Qb6 7. f4 Be7 8. Ngf3
Ng4 9. Qe2 f6 10. h3 Nh6 11. g4 Bd7 12. dxc5 Bxc5 13. e4 O-O-O 14. Nb3 dxe4 15.
Bxe4 f5 16. Nxc5 Qxc5 17. Be3 Qe7 18. Bxc6 Bxc6 19. g5 Nf7 20. O-O e5 21. Bxa7
Rhe8 22. Rae1 Nd6 23. Nxe5 Bb5 24. c4 Nxc4 25. Rc1 Rd7 26. Rxc4+ Bxc4 27. Qxc4+
Rc7 28. Qd3 Qe6 29. Rd1 g6 30. a4 h6 31. h4 hxg5 32. hxg5 Rh8 33. a5 Qg8 34.
Nd7 b5 35. axb6 Qh7 36. Qa6+ Rb7 37. Qc4+ Kd8 38. Nf6+ Rd7 39. Qc7+ Ke7 40.
Nxh7 Rxc7 41. bxc7 Rxh7 42. c8=R Ke6 43. Rc6+ Kf7 44. Rd7+ Ke8 45. Rxh7 Kd8 46.
b4 Ke8 47. Rc8# 1-0

[Event "XXVI Miedzynarodowy Turniej im. Tadeusza"]
[Site "Police"]
[Date "2011.??.??"]
[Round "5.12"]
[White "Okon, Dariusz"]
[Black "Maes, Wim"]
[Result "0-1"]
[WhiteElo "2200"]
[BlackElo "2245"]
[PlyCount "140"]
[EventDate "2011.??.??"]

1. Nf3 Nf6 2. c4 g6 3. b4 Bg7 4. Bb2 O-O 5. e3 d6 6. d4 Nbd7 7. Be2 e5 8. dxe5
Ng4 9. O-O Ngxe5 10. Qc1 a5 11. b5 Nxf3+ 12. Bxf3 Ne5 13. Be2 Qh4 14. Nc3 Bg4
15. f3 Be6 16. Nd5 Rac8 17. f4 Bxd5 18. cxd5 Nd7 19. Bxg7 Kxg7 20. Qc3+ Qf6 21.
Qxa5 Qb2 22. Rfe1 Rfe8 23. Rab1 Qc2 24. Rbc1 Qe4 25. Bf3 Qd3 26. Rc3 Qd2 27.
Rd1 Qb2 28. Rxc7 Nc5 29. Rxc8 Rxc8 30. a3 Re8 31. Qb4 Qc2 32. h4 Kg8 33. Qd4
Ra8 34. h5 gxh5 35. Rf1 Rxa3 36. Bxh5 Ra2 37. Bf3 Qg6 38. Rf2 Ra4 39. Qc3 Qb1+
40. Rf1 Qg6 41. f5 Qg5 42. f6 b6 43. Bd1 Ra2 44. Bf3 Ra4 45. e4 Qe5 46. Qxe5
dxe5 47. Rd1 Kf8 48. d6 Ke8 49. Rd5 Nd7 50. Kf2 Rd4 51. Rxd4 exd4 52. Ke2 Ne5
53. Kf2 Kd7 54. Bd1 Kxd6 55. Bb3 Nd7 56. Bxf7 Nxf6 57. Kf3 Ke5 58. Bc4 Nxe4 59.
Bd3 Nd6 60. Kg4 h6 61. Kh5 Kf4 62. Kxh6 Ke3 63. Bc2 d3 64. Bb3 Nxb5 65. g4 Nd4
66. Bd1 Kd2 67. Ba4 b5 68. Bb3 Nxb3 69. g5 Nd4 70. g6 Ne6 0-1

[Event "XXVI Miedzynarodowy Turniej im. Tadeusza"]
[Site "Police"]
[Date "2011.??.??"]
[Round "5.13"]
[White "Moritz, Aron"]
[Black "Pawlicz, Adam"]
[Result "1-0"]
[WhiteElo "2091"]
[BlackElo "2044"]
[PlyCount "143"]
[EventDate "2011.??.??"]

1. e4 c6 2. d4 d5 3. exd5 cxd5 4. Bd3 Nf6 5. c3 Qc7 6. h3 Nc6 7. Ne2 e6 8. Bf4
Bd6 9. Bxd6 Qxd6 10. Nd2 b6 11. O-O Bb7 12. Ng3 O-O 13. Qe2 Rac8 14. Nf3 Qf4
15. Rae1 Rc7 16. Bb1 Na5 17. Qd3 g6 18. Ne2 Qh6 19. Ne5 Nc4 20. Qg3 Rfc8 21. f4
Nh5 22. Qh4 Qg7 23. Kh2 Ba6 24. Rg1 Nd2 25. Bc2 Qf6 26. Qf2 Nc4 27. g4 Ng7 28.
Nxc4 Bxc4 29. f5 e5 30. g5 Qd6 31. Qg3 Re8 32. dxe5 Qxe5 33. Nf4 Qd6 34. Rxe8+
Nxe8 35. f6 Rc8 36. Rd1 Rd8 37. b3 Ba6 38. Rxd5 Qc7 39. c4 Bb7 40. Rxd8 Qxd8
41. Qe3 Nc7 42. Kg3 Qd6 43. Kf2 Kf8 44. Bd3 Bc6 45. Be2 Bd7 46. Bf3 Bf5 47. Ke2
Bb1 48. a4 Bc2 49. Nd5 Ne6 50. Kd2 Bf5 51. a5 Nc5 52. axb6 axb6 53. Kc3 Be6 54.
b4 Nd7 55. Nf4 Bf5 56. Bd5 Bb1 57. Ne2 Bf5 58. Nd4 Bb1 59. Nb5 Qe5+ 60. Qxe5
Nxe5 61. Kd4 Nd7 62. c5 bxc5+ 63. bxc5 Bf5 64. h4 h6 65. c6 hxg5 66. hxg5 Nb6
67. Kc5 Na4+ 68. Kd6 Ke8 69. Kc7 Nc5 70. Nd6+ Kf8 71. Bxf7 Nd7 72. Nxf5 1-0

[Event "XXVI Miedzynarodowy Turniej im. Tadeusza"]
[Site "Police"]
[Date "2011.??.??"]
[Round "5.14"]
[White "Graf, Pawel"]
[Black "Schmidt, Wlodzimierz"]
[Result "1/2-1/2"]
[WhiteElo "2141"]
[BlackElo "2398"]
[PlyCount "22"]
[EventDate "2011.??.??"]

1. e4 e6 2. d4 d5 3. Nc3 Nf6 4. Bg5 dxe4 5. Nxe4 Nbd7 6. Nf3 h6 7. Bxf6 Nxf6 8.
Nxf6+ Qxf6 9. Bb5+ c6 10. Bd3 Bd6 11. O-O Bd7 1/2-1/2

[Event "XXVI Miedzynarodowy Turniej im. Tadeusza"]
[Site "Police"]
[Date "2011.??.??"]
[Round "5.16"]
[White "Aglave, Arnaud"]
[Black "Makukins, Maksims"]
[Result "1-0"]
[WhiteElo "2081"]
[BlackElo "1638"]
[PlyCount "99"]
[EventDate "2011.??.??"]

1. c4 Nf6 2. g3 g6 3. Bg2 Bg7 4. Nc3 d6 5. d3 O-O 6. Bg5 Nbd7 7. Qd2 e5 8. h4
Qe8 9. Nb5 Qd8 10. h5 a6 11. Nc3 Qe8 12. hxg6 fxg6 13. Nf3 Nh5 14. Nd5 Rb8 15.
Nxc7 Qf7 16. O-O Ndf6 17. Nd5 Nxd5 18. cxd5 Qxd5 19. Qb4 Bd7 20. Be7 Rfe8 21.
Bxd6 Rbc8 22. Ng5 Qb5 23. Qxb5 Bxb5 24. Bd5+ Kh8 25. Bxb7 Rc2 26. a4 Bd7 27.
Bxa6 h6 28. Nf7+ Kg8 29. Bc4 Be6 30. Bb5 Bxf7 31. Bxe8 Bxe8 32. a5 Rc8 33. a6
Ra8 34. a7 Bf6 35. Ra5 Bd8 36. Rxe5 Bd7 37. Bb8 Nf6 38. b4 Bb6 39. Ra1 Kf7 40.
e3 Bc8 41. Rb5 Nd7 42. Rc1 Ba6 43. Rxb6 Nxb6 44. Rc7+ Ke8 45. Rc6 Nd7 46. Rxa6
Nxb8 47. axb8=Q+ Rxb8 48. Rxg6 Rxb4 49. Rxh6 Rb3 50. d4 1-0

[Event "XXVI Miedzynarodowy Turniej im. Tadeusza"]
[Site "Police"]
[Date "2011.??.??"]
[Round "5.17"]
[White "Maliszewski, Jaroslaw"]
[Black "Dogoda, Rafal"]
[Result "0-1"]
[WhiteElo "1825"]
[BlackElo "1870"]
[PlyCount "122"]
[EventDate "2011.??.??"]

1. c4 e6 2. e4 d5 3. exd5 exd5 4. cxd5 Qxd5 5. Nc3 Qa5 6. Bc4 Nf6 7. Qb3 Qh5 8.
Nf3 Bd6 9. d4 O-O 10. Bg5 Re8+ 11. Ne2 Ne4 12. Be3 Nc6 13. Bd3 Qa5+ 14. Nc3 Be6
15. Qb5 Nxc3 16. Qxa5 Nxa5 17. bxc3 Bc4 18. Bc2 Bd5 19. O-O Re7 20. Nd2 Nc4 21.
Nxc4 Bxc4 22. Rfe1 Rae8 23. Bb3 Bxb3 24. axb3 Bf4 25. Rxa7 f5 26. Rxb7 Bd6 27.
g3 f4 28. gxf4 Bxf4 29. Rb5 g5 30. h3 Kg7 31. Ra5 Kg6 32. Raa1 Bxe3 33. fxe3
Rxe3 34. Kf2 R3e6 35. Rxe6+ Rxe6 36. d5 Rf6+ 37. Ke3 Kh5 38. Ra4 Rf1 39. Rc4
Rh1 40. Rxc7 Rxh3+ 41. Ke4 Kg6 42. b4 Rh1 43. b5 Re1+ 44. Kf3 Rd1 45. c4 h5 46.
b6 g4+ 47. Ke2 Rb1 48. b7 g3 49. Kf3 Rb3+ 50. Kg2 h4 51. c5 Rb2+ 52. Kf3 Rb3+
53. Kf4 g2 54. Rc8 Kf7 55. Rc7+ Kg8 56. Rc8+ Kh7 57. Rc7+ Kh6 58. Rc6+ Kh5 59.
Rb6 Rxb6 60. cxb6 g1=Q 61. d6 Qg3+ 0-1

[Event "XXVI Miedzynarodowy Turniej im. Tadeusza"]
[Site "Police"]
[Date "2011.??.??"]
[Round "5.18"]
[White "Radwan, Leszek"]
[Black "Maniocha, Andrzej"]
[Result "0-1"]
[WhiteElo "2126"]
[BlackElo "2191"]
[PlyCount "106"]
[EventDate "2011.??.??"]

1. d4 Nf6 2. c4 e6 3. Nf3 b6 4. Bg5 Bb4+ 5. Nbd2 h6 6. Bh4 Bb7 7. a3 Be7 8. e3
O-O 9. Bd3 c5 10. O-O d6 11. Qe2 Nbd7 12. Rfd1 Qc7 13. Rac1 Rac8 14. b4 Rfe8
15. dxc5 bxc5 16. b5 g5 17. Bg3 Nh5 18. Be4 Nxg3 19. hxg3 d5 20. cxd5 exd5 21.
Bf5 Bf8 22. Qd3 Rcd8 23. a4 Nb6 24. a5 Nc8 25. a6 Ba8 26. Qb3 Nd6 27. Bb1 Rb8
28. Qc2 Ne4 29. Nxe4 dxe4 30. Nd2 Rxb5 31. Qc4 Rb2 32. Nxe4 Qe5 33. Nxc5 Rxb1
34. Rxb1 Qxc5 35. Qxc5 Bxc5 36. Rbc1 Bb6 37. Rc4 Be4 38. Kh2 Bf5 39. g4 Bc8 40.
Ra1 Be6 41. Re4 Rc8 42. Rb4 Rc6 43. Kg1 Bc8 44. Re4 Kg7 45. Rb4 Bc7 46. g3 Be5
47. Ra2 Be6 48. Raa4 Rc1+ 49. Kg2 Bd6 50. Rb2 Bc5 51. Rb7 Bd5+ 52. e4 Bxb7 53.
axb7 Rb1 0-1

[Event "XXVI Miedzynarodowy Turniej im. Tadeusza"]
[Site "Police"]
[Date "2011.??.??"]
[Round "6.1"]
[White "Vysochin, Spartak"]
[Black "Neiksans, Arturs"]
[Result "1/2-1/2"]
[WhiteElo "2552"]
[BlackElo "2495"]
[PlyCount "178"]
[EventDate "2011.??.??"]

1. e4 e5 2. Nf3 Nf6 3. d4 exd4 4. e5 Ne4 5. Qxd4 d5 6. exd6 Nxd6 7. Nc3 Nc6 8.
Qf4 Nf5 9. Qe4+ Qe7 10. Bf4 Qxe4+ 11. Nxe4 Bd7 12. O-O-O O-O-O 13. Neg5 Nh6 14.
Bc4 Be7 15. Rhe1 Bxg5 16. Bxg5 f6 17. Bxh6 gxh6 18. Re4 h5 19. h3 Rhf8 20. Rh4
Be8 21. Be6+ Kb8 22. Nd4 Nxd4 23. Rhxd4 Rxd4 24. Rxd4 Bg6 25. f4 f5 26. c4 h4
27. Kd2 a5 28. Rd5 b6 29. Kc3 Rf6 30. Re5 c5 31. Bd5 Kc7 32. Re7+ Kd8 33. Rg7
h6 34. a3 Be8 35. b4 axb4+ 36. axb4 Bc6 37. Kb3 Bd7 38. Ka3 Kc7 39. Rg8 Bc6 40.
Bxc6 Kxc6 41. Ka4 Re6 42. Rf8 Re4 43. Rf6+ Kc7 44. Kb5 cxb4 45. Rc6+ Kd7 46.
Rxb6 Kc7 47. Rc6+ Kd7 48. c5 Rxf4 49. Rd6+ Kc7 50. Rd2 b3 51. Rb2 Re4 52. Rxb3
Re2 53. g3 hxg3 54. Rxg3 Re7 55. Ra3 f4 56. Ra7+ Kd8 57. Ra8+ Kd7 58. Rf8 Re3
59. c6+ Kc7 60. Rf7+ Kc8 61. h4 f3 62. h5 Kd8 63. Kb6 Rb3+ 64. Kc5 Ke8 65. Rf4
Ke7 66. Re4+ Kd8 67. Rd4+ Ke7 68. Rd2 Ke6 69. Rc2 Ke7 70. Kc4 Rb1 71. Kc5 Kd8
72. Rd2+ Kc8 73. Kd6 Rh1 74. Rf2 Rd1+ 75. Ke5 Kc7 76. Rxf3 Kxc6 77. Kf6 Kd7 78.
Kg7 Rd6 79. Rg3 Ke7 80. Rg6 Rd5 81. Kxh6 Kf7 82. Ra6 Rb5 83. Ra7+ Kg8 84. Rg7+
Kh8 85. Rg6 Rb7 86. Rd6 Rh7+ 87. Kg6 Rg7+ 88. Kf6 Rg1 89. Rd7 Rg2 1/2-1/2

[Event "XXVI Miedzynarodowy Turniej im. Tadeusza"]
[Site "Police"]
[Date "2011.??.??"]
[Round "6.4"]
[White "Aliavdin, Nikolai"]
[Black "Grabarczyk, Miroslaw"]
[Result "1/2-1/2"]
[WhiteElo "2392"]
[BlackElo "2459"]
[PlyCount "32"]
[EventDate "2011.??.??"]

1. e4 e5 2. Nf3 Nf6 3. d4 Nxe4 4. dxe5 d5 5. Nbd2 Nc5 6. Nb3 Ne6 7. c3 c5 8.
Be3 Nc6 9. Qc2 c4 10. Nbd4 Ncxd4 11. Bxd4 Be7 12. Be2 O-O 13. O-O Qc7 14. Rad1
Nxd4 15. Rxd4 Be6 16. Rfd1 h6 1/2-1/2

[Event "XXVI Miedzynarodowy Turniej im. Tadeusza"]
[Site "Police"]
[Date "2011.??.??"]
[Round "6.7"]
[White "Kantans, Toms"]
[Black "Kula, Robert"]
[Result "1/2-1/2"]
[WhiteElo "2345"]
[BlackElo "2351"]
[PlyCount "85"]
[EventDate "2011.??.??"]

1. e4 e5 2. Nf3 Nc6 3. d4 exd4 4. Nxd4 Nxd4 5. Qxd4 Qf6 6. e5 Qb6 7. Qxb6 axb6
8. Nc3 Bb4 9. Bd2 Ne7 10. a3 Nc6 11. O-O-O Be7 12. Nd5 Bd8 13. h4 Ne7 14. Nc3
O-O 15. g4 Nc6 16. f4 d6 17. exd6 Bxg4 18. dxc7 Bxc7 19. Be2 Bxe2 20. Nxe2 b5
21. Kb1 Bd8 22. Bc3 Ba5 23. Rd7 Rfe8 24. Bxa5 Rxa5 25. Nc3 b4 26. axb4 Nxb4 27.
Rhd1 h5 28. b3 Rc5 29. Kb2 Re3 30. Nd5 Rxc2+ 31. Ka3 Nxd5 32. R1xd5 g6 33. f5
Rc6 34. Rxb7 Ra6+ 35. Kb2 Rf6 36. fxg6 fxg6 37. Rd8+ Rf8 38. Rdd7 Rf2+ 39. Ka3
Rf6 40. Ka4 Re4+ 41. b4 Rxh4 42. Ka5 Rh1 43. Rg7+ 1/2-1/2

[Event "XXVI Miedzynarodowy Turniej im. Tadeusza"]
[Site "Police"]
[Date "2011.??.??"]
[Round "6.9"]
[White "Poetsch, Hagen"]
[Black "Chlost, Marlena"]
[Result "1-0"]
[WhiteElo "2403"]
[BlackElo "2198"]
[PlyCount "95"]
[EventDate "2011.??.??"]

1. e4 c5 2. Nf3 d6 3. d4 cxd4 4. Nxd4 Nf6 5. Nc3 a6 6. Bg5 e6 7. f4 Be7 8. Qf3
h6 9. Bh4 Qc7 10. O-O-O Nbd7 11. Be2 O-O 12. Qg3 Nc5 13. Bf3 e5 14. fxe5 dxe5
15. Nf5 Bxf5 16. exf5 Rac8 17. Rhe1 Na4 18. Qxe5 Nxc3 19. Qxc7 Rxc7 20. bxc3
Ba3+ 21. Kd2 Bb2 22. Re3 b5 23. Bg3 Rc5 24. Bd6 Rd8 25. Ke2 Rxc3 26. Rxc3 Bxc3
27. Bb7 Be5 28. Be7 Rxd1 29. Kxd1 Bxh2 30. Ke2 Bc7 31. Bxa6 Nd5 32. Bc5 Nc3+
33. Kd3 Nxa2 34. Bxb5 Ba5 35. Kc4 Nc3 36. Bc6 Nb1 37. Kd3 Nc3 38. Bd4 Na2 39.
Kc4 Bd2 40. Bf3 Nc1 41. Bc3 Bg5 42. Bb4 g6 43. fxg6 fxg6 44. Kb5 Kh7 45. Ka4
Kg7 46. Bc3+ Kf7 47. Ka3 Ke6 48. Kb2 1-0

[Event "XXVI Miedzynarodowy Turniej im. Tadeusza"]
[Site "Police"]
[Date "2011.??.??"]
[Round "6.11"]
[White "Tokarczyk, Tomasz"]
[Black "Maruszczak, Joanna"]
[Result "1-0"]
[WhiteElo "2199"]
[BlackElo "1735"]
[PlyCount "65"]
[EventDate "2011.??.??"]

1. d4 Nf6 2. c4 g6 3. g3 Bg7 4. Bg2 O-O 5. Nc3 d6 6. Nf3 Nbd7 7. O-O c6 8. e4
Qc7 9. Re1 e5 10. h3 Re8 11. Rb1 Nf8 12. d5 c5 13. b4 cxb4 14. Rxb4 N6d7 15.
Nb5 Qb8 16. Be3 Nc5 17. Bxc5 dxc5 18. Rb3 Bd7 19. Qb1 b6 20. a4 Bxb5 21. Rxb5
Nd7 22. h4 Qd6 23. Bh3 Nf6 24. Re2 Re7 25. Ne1 Ne8 26. Nd3 Rb8 27. a5 Nc7 28.
Rxc5 Qd8 29. axb6 axb6 30. Rb2 Na8 31. Rc6 f5 32. Nc5 f4 33. Na6 1-0

[Event "XXVI Miedzynarodowy Turniej im. Tadeusza"]
[Site "Police"]
[Date "2011.??.??"]
[Round "6.12"]
[White "Chojnacki, Krzysztof"]
[Black "Graf, Pawel"]
[Result "1/2-1/2"]
[WhiteElo "2437"]
[BlackElo "2141"]
[PlyCount "111"]
[EventDate "2011.??.??"]

1. d4 c5 2. d5 f5 3. c4 Nf6 4. Nc3 g6 5. g3 d6 6. Bg2 Bg7 7. Nh3 Na6 8. O-O Qb6
9. Nf4 Nc7 10. a4 O-O 11. Nb5 Nxb5 12. axb5 a6 13. Bd2 Qc7 14. bxa6 Rxa6 15.
Rxa6 bxa6 16. Bc3 g5 17. Ne6 Bxe6 18. dxe6 Qc8 19. Bxf6 Bxf6 20. b3 Kg7 21. Bd5
Qe8 22. Qc2 Be5 23. Kg2 Qg6 24. Qa2 f4 25. Qxa6 Qf6 26. g4 f3+ 27. Bxf3 Qxe6
28. Qb7 Qf6 29. h3 Rf7 30. Qe4 Rf8 31. e3 Rb8 32. Bd1 Qg6 33. Qc6 Qe8 34. Qxe8
Rxe8 35. f4 Bf6 36. Rf2 Ra8 37. Rd2 h6 38. Kf3 Ra1 39. Rd3 Ra2 40. Kg3 Rb2 41.
Bf3 Rb1 42. Bc6 Rb2 43. Be4 Ra2 44. Bg2 Rb2 45. Kf3 Ra2 46. Bf1 Ra1 47. Be2 Ra2
48. Bd1 Rb2 49. Kg3 Ra2 50. Bf3 Rb2 51. Be4 Ra2 52. Rd1 Rb2 53. Rb1 Re2 54. Kf3
Rh2 55. Kg3 Re2 56. Kf3 1/2-1/2

[Event "XXVI Miedzynarodowy Turniej im. Tadeusza"]
[Site "Police"]
[Date "2011.??.??"]
[Round "6.13"]
[White "Schmidt, Wlodzimierz"]
[Black "Aglave, Arnaud"]
[Result "1/2-1/2"]
[WhiteElo "2398"]
[BlackElo "2081"]
[PlyCount "46"]
[EventDate "2011.??.??"]

1. d4 Nf6 2. c4 e6 3. Nc3 d5 4. cxd5 exd5 5. Bg5 Be7 6. e3 O-O 7. Bd3 Nbd7 8.
Nf3 Re8 9. Qc2 Nf8 10. h3 c6 11. O-O g6 12. Bh6 Bd6 13. Rab1 Ne6 14. b4 a6 15.
a4 Kh8 16. Ng5 Nxg5 17. Bxg5 Kg7 18. e4 dxe4 19. Nxe4 Be7 20. Be3 Nd5 21. Bd2
f5 22. Nc5 Bf6 23. Nb3 Bd7 1/2-1/2

[Event "XXVI Miedzynarodowy Turniej im. Tadeusza"]
[Site "Police"]
[Date "2011.??.??"]
[Round "6.14"]
[White "Zschaebitz, Klaus"]
[Black "Shilov, Sergej"]
[Result "0-1"]
[WhiteElo "2088"]
[BlackElo "2255"]
[PlyCount "108"]
[EventDate "2011.??.??"]

1. d4 Nf6 2. c4 c5 3. d5 e6 4. Nc3 exd5 5. cxd5 d6 6. g3 g6 7. Bg2 Bg7 8. Nf3
O-O 9. O-O Re8 10. h3 h6 11. Nd2 Nbd7 12. a4 a6 13. a5 b5 14. axb6 Nxb6 15. e4
Nfd7 16. f4 c4 17. Nf3 Nc5 18. Nd4 Bxd4+ 19. Qxd4 Nb3 20. Qf2 Nxa1 21. Be3 Nb3
22. Bxb6 Qe7 23. g4 Rb8 24. e5 f5 25. exf6 Qxf6 26. Bc7 Rb7 27. Bb6 Rbe7 28.
Rd1 Bd7 29. Bf1 Bb5 30. h4 Rf7 31. Be3 Nc5 32. Bxc5 dxc5 33. d6 Qxf4 34. Qxf4
Rxf4 35. Nd5 Rxg4+ 36. Bg2 Kg7 37. Rd2 Rd4 38. Rf2 Bc6 39. Nc7 Re1+ 40. Rf1
Rxf1+ 41. Bxf1 Rxd6 42. Bxc4 a5 43. Ne6+ Kf6 44. Nxc5 Rd1+ 45. Kf2 Rd2+ 46. Ke3
Rxb2 47. h5 gxh5 48. Nd3 Rb8 49. Nf4 h4 50. Kd4 a4 51. Kc3 Bd7 52. Nd5+ Kg5 53.
Ne3 h3 54. Bd5 Bc6 0-1